The law of restitution

Bibliographic Details
Main Authors: Goff of Chieveley, Robert Goff Lord (Author), Jones, Gareth (Author)
Format: Book
Language:English
Published: London : Sweet & Maxwell , c2004
Edition:6th ed .
Series:The common law library
Subjects:

MARC

LEADER 00000cam a2200000 7i4500
001 0000009965
005 20170820093000.0
008 021119s2004 enk eng
020 |a 0421873906 
050 0 0 |a d57 KD1924   |b .G63 2004 
090 0 0 |a d57 KD1924   |b .G63 2004 
100 1 |a Goff of Chieveley, Robert Goff   |c Lord ,   |e author 
245 1 4 |a The law of restitution   |c Lord Goff of Chieveley and Gareth Jones 
250 |a 6th ed .   |b edited by Gareth Jones 
260 2 |a London :   |b Sweet & Maxwell ,   |c c2004 
300 |a cxxi, 126p. ;   |c 26 cm. 
490 1 |a The common law library 
500 |a Goff and Jones 
650 0 |a Restitution   |z Great Britain 
700 1 |a Jones, Gareth ,   |e author 
999 |a 1000105919   |b Book   |c Reference   |e Gong Badak Campus 
999 |a 1000105920   |b Book   |c Reference   |e Gong Badak Campus